| 000 | 00638nam a2200193Ia 4500 | ||
|---|---|---|---|
| 003 | GCL | ||
| 008 | 140319s9999 xx 000 0 ara d | ||
| 040 |
_aGCL / _cGCL |
||
| 082 | 0 | 4 |
_aق _b962.621 _bم ن |
| 100 | 1 | _aمحمد حمدى المناوى | |
| 245 | 1 | 0 |
_aنهر النيل فى المكتبة العربية / _cمحمد حمدى المناوى |
| 260 |
_aالقاهرة : _bالدار القومية للطباعة والنشر ، _c1966 |
||
| 300 |
_a267 ص ؛ _c22 سم |
||
| 490 | _a | ||
| 650 | 0 | 4 | _aنهر النيل |
| 650 | 0 | 4 | _aنهر النيل فى الادب |
| 650 | 0 | 4 | _aمصر - تاريخ |
| 942 |
_2ddc _cBK |
||
| 999 |
_c58714 _d58714 |
||